|
|
|
|
| LEADER |
00000nam a2200000 4500 |
| 001 |
43120 |
| 003 |
MY-KLNDU |
| 005 |
20241219004020.0 |
| 008 |
110412 2011 xxk bi 00 eng |
| 020 |
|
|
|a 9781441100283 (pb)
|
| 020 |
|
|
|a 9781441150233 (hb)
|
| 039 |
|
9 |
|a 201205111548
|b azraai
|y 201104121023
|z rahman
|
| 040 |
|
|
|a UPNM
|
| 090 |
|
|
|a P 40
|b .D43 2011
|
| 100 |
1 |
|
|a Deckert, Sharon K.
|
| 245 |
1 |
3 |
|a An introduction to sociolinguistics
|b society and identuty
|c Sharon K. Deckert and Caroline H. Vickers
|
| 260 |
|
|
|a London, UK
|b Continuum
|c 2011
|
| 300 |
|
|
|a 237 p.
|c 24 cm.
|
| 504 |
|
|
|a Includes bibliographical references and index
|
| 592 |
|
|
|a 2160/0911
|b 23/4/2012
|c RM100.27
|h DMA
|
| 650 |
|
0 |
|a Sociolinguistics
|
| 700 |
1 |
|
|a Vickers, Caroline H.
|
| 999 |
|
|
|a vtls000043918
|c 43120
|d 43120
|